Derecho de la Competencia Europeo y Espaǫl Curso de iniciacin̤. Volumen VI

Bibliographic Details
Format: eBook
Language:Spanish
Published: Madrid: Dykinson, 2008
Subjects:
Online Access:Acceso restringido

MARC

LEADER 00000nam a22000007a 4500
005 20140408024727.0
007 cr|||| ||||
008 140408s2006 es |||||s|||| 00||0 spa d
020 |a 8498492181 
035 |a 1278 
040 |a vLex 
090 |c 5276  |d 5276 
245 0 0 |a Derecho de la Competencia Europeo y Espaǫl  |h [Recurso electrn̤ico] :  |b Curso de iniciacin̤.   |n Volumen VI 
256 |a Servicio en ln̕ea 
260 |a Madrid:  |b Dykinson,  |c 2008 
300 |a 1 recurso electrn̤ico 
506 1 |a Disponible en los productos indicados  |d vLex Global  |d vLex Global (Academic Edition, excluding Law Schools)  |d vLex Global (U.S. Academic Edition, Law Schools)  |d vLex Global (U.S. Academic Edition, excluding Law Schools)  |d vLex Global (Academic Edition, Law Schools) 
650 0 4 |a Derecho de la Competencia  |z Espaą 
650 0 4 |a Polt̕ica de la competencia  |z Espaą 
740 0 |a vLex Libros (Servicio en ln̕ea) 
856 4 0 |u http://vlex.com/source/derecho-competencia-1278  |z Acceso restringido 
942 |c BOOK 
999 0 |a Competition Law  
999 0 |a Competition policy